Statistics for Save the Kittens

Click here to take the quiz!

General Stats

  • This quiz has been taken 27 times
  • The average score is 4 of 20

Answer Stats

HintAnswer% Correct
Element name having to do with a planetNeptunium, Uranium, Plutonium, Mercury
95%
Nike's slogan after buying out Elmer'sjust glue it
47%
I confused _______ with Yakuza, and now I'm in hot water with the Japanese mafiaJacuzzi
32%
Some people don't like this condiment?! You've gotta be kitten me!!catsup
26%
'Hotel California', but it would be more fitting if this band joined the NFL team in this cityPhiladelphia
26%
(Books of the Bible - (Olympic Rings)(US colonies))(Angry Men)12
21%
At this element's funeral you do this to himBarium
21%
A clothing store for short people that are obeseBig and Small
21%
Venn diagram overlap: spike of frozen water , protective layer at base of fingernailicle
21%
You can be arrested for inciting a riot by mentioning this country on Jetpunk (you said it, not me!)Cyprus
16%
Sri J Kotte. What's the J stand for?Jayawardenepura
16%
a soundless video of peanut butter that only lasts a couple secondsjif
16%
Caesar Julius, John King, and Lear King are a few of his worksSpeareshake
16%
To my left at a glance, below answer wittily, to my right is in awe, above smells so schnitzel-ySwitzerland
16%
I have perfect vision, and now I'm giving Lincoln's famous speech1933
11%
Tom Cruise (Top Gun) would play basketball in this cityDallas
11%
Lindsay takes Adam's place in the movie You Don't Mess With the ______Lohan
11%
We went to the moon and took away the first answer36
5%
Earth, Mickey, Fireplacemantle
5%
w9o7589h (hint - starts with an s)solution
5%

Score Distribution

Percentile by Number Answered

Percent of People with Each Score

Your Score History

You have not taken this quiz